000 00383nam a2200133 i 4500
001 bg
100 1 _aABRASZEWSKI, Andrzej
245 0 _aKoordynacja działalności organizacji międzynarodowych w systemie Narodów Zjednoczonych /
_cAndrzej Abraszewski.
260 _aWarszawa,
_c1973.
040 _cBPK
041 _apol
942 _cKS
008 s pl f |000 0 pol
999 _c17428
_d17428
856 _uhttp://koha.tu.koszalin.pl/cgi-bin/koha/opac-detail.pl?biblionumber=17428
_yKatalog online BPK